Chatbot for websites (Record no. 6547)

MARC details
000 -LEADER
fixed length control field 00996nam a22002057a 4500
003 - CONTROL NUMBER IDENTIFIER
control field OSt
005 - DATE AND TIME OF LATEST TRANSACTION
control field 20220107122852.0
008 - FIXED-LENGTH DATA ELEMENTS--GENERAL INFORMATION
fixed length control field 190705b xxu||||| |||| 00| 0 eng d
040 ## - CATALOGING SOURCE
Transcribing agency IIITMK
100 ## - MAIN ENTRY--PERSONAL NAME
Personal name Pallavi Das (92217018)
9 (RLIN) 16075
245 ## - TITLE STATEMENT
Title Chatbot for websites
300 ## - PHYSICAL DESCRIPTION
Extent MSC DA 2017-2019
500 ## - GENERAL NOTE
General note The project aims at creating a Smart AI digital assistant web plugin with<br/>inbuilt natural language processing functionalities for user interactions and<br/>conversation based on website content. It is a Self-learning AI chat bot using<br/>NLP and some Machine Learning-based approaches which reads all the data<br/>provided in the website by giving just a website URL and chat to the user<br/>according to the scrapped information without human intervention.
502 ## - DISSERTATION NOTE
Degree type MSC DA
Name of granting institution 2017-2019
Year degree granted INT
-- Dr Manoj Kumar T K
650 ## - SUBJECT ADDED ENTRY--TOPICAL TERM
Topical term or geographic name entry element NATURAL LANGUAGE PROCESSING
9 (RLIN) 16076
650 ## - SUBJECT ADDED ENTRY--TOPICAL TERM
Topical term or geographic name entry element AI CHATBOT
9 (RLIN) 16077
650 ## - SUBJECT ADDED ENTRY--TOPICAL TERM
Topical term or geographic name entry element WEB SCRAPPING
9 (RLIN) 16078
651 ## - SUBJECT ADDED ENTRY--GEOGRAPHIC NAME
Geographic name MACHINE LEARNING
9 (RLIN) 16079
942 ## - ADDED ENTRY ELEMENTS (KOHA)
Source of classification or shelving scheme Dewey Decimal Classification
Koha item type
Holdings
Withdrawn status Lost status Source of classification or shelving scheme Damaged status Not for loan Collection code Home library Current library Shelving location Date acquired Total Checkouts Barcode Date last seen Price effective from Koha item type
    Dewey Decimal Classification     Non Fiction IIITM-K Kerala University of Digital Sciences, Innovation and Technology Knowledge Centre   05/07/2019   R-1558 05/07/2019 05/07/2019 Project Reports